[Event "SVK-chT 2324"]
[Site "Slovakia"]
[Date "2023.11.05"]
[Round "2.8"]
[White "Teglas, Balazs"]
[Black "Takacs, Laszlo"]
[Result "1-0"]
[WhiteElo "2160"]
[BlackElo "2226"]
[PlyCount "83"]
[EventDate "2023.11.04"]
[EventType "team-tourn"]
[EventRounds "11"]
[EventCountry "SVK"]
[SourceTitle "Mega2024 Update 01"]
[Source "Chessbase"]
[SourceDate "2023.11.12"]
[SourceVersion "1"]
[SourceVersionDate "2023.11.12"]
[SourceQuality "1"]
[WhiteTeam "Cebovce"]
[BlackTeam "Dunajska Streda"]
[WhiteTeamCountry "SVK"]
[BlackTeamCountry "SVK"]

1. c4 c6 2. g3 d5 3. Bg2 Nf6 4. Nf3 g6 5. 0-0 Bg7 6. b3 Ne4 7. d4 Nd7 8. Bb2 0-0 9. Nbd2 Ndf6 10. Ne5 Qa5 11. Nxe4 Nxe4 12. Qc2 f6 13. Nd3 e6 14. f3 Nd6 15. e4 Bh6 16. Rfe1 dxc4 17. bxc4 Qa6 18. c5 Qc4 19. Qd1 Nb5 20. f4 e5 21. d5 Bg4 22. Qb3 Qxb3 23. axb3 exf4 24. Nxf4 Rad8 25. h3 Bc8 26. d6 Bxf4 27. gxf4 Be6 28. b4 Kf7 29. Kf2 Rfe8 30. Bf3 Bb3 31. Re3 Bc4 32. Rc1 Ba2 33. Ra1 Bc4 34. Rc1 Ba2 35. h4 Rg8 36. Be2 a6 37. Ra1 Be6 38. f5 gxf5 39. Bh5+ Kf8 40. exf5 Bd5 41. Bxf6 Rg2+ 42. Kf1 1-0

[Event "SVK-chT 2223"]
[Site "Slovakia"]
[Date "2022.10.23"]
[Round "2.5"]
[White "Zvarik, Martin"]
[Black "Teglas, Balazs"]
[Result "0-1"]
[WhiteElo "2160"]
[BlackElo "2145"]
[PlyCount "80"]
[EventDate "2022.10.22"]
[EventType "team-tourn"]
[EventRounds "11"]
[EventCountry "SVK"]
[SourceTitle "EXT 2024"]
[Source "ChessBase"]
[SourceDate "2023.10.10"]
[SourceVersion "1"]
[SourceVersionDate "2023.10.10"]
[SourceQuality "1"]
[WhiteTeam "Zilina Mladost"]
[BlackTeam "Cebovce"]
[WhiteTeamCountry "SVK"]
[BlackTeamCountry "SVK"]

1. e4 d6 2. d4 Nf6 3. Nc3 e5 4. dxe5 dxe5 5. Qxd8+ Kxd8 6. Bg5 Be6 7. Nd5 Nbd7 8. Nf3 c6 9. Ne3 Kc7 10. Nd2 Bc5 11. Bd3 b5 12. Nf5 Ng4 13. Nxg7 Nxf2 14. Nxe6+ fxe6 15. Rf1 Rag8 16. Nf3 h6 17. Bh4 Nxd3+ 18. cxd3 Rxg2 19. 0-0-0 Rf8 20. Bg3 Kc8 21. Kb1 Rxf3 22. Rxf3 Bd4 23. Rdf1 Rxb2+ 24. Kc1 Nc5 25. Be1 Rxa2 26. Rg3 Kb7 27. Rf7+ Kb6 28. Kd1 Rxh2 29. Rgg7 Nxd3 30. Bg3 Ra2 31. Rb7+ Ka6 32. Rbc7 Kb6 33. Rb7+ Kc5 34. Rxa7 Rb2 35. Rgd7 Kc4 36. Ra6 c5 37. Ra3 b4 38. Ra1 Rg2 39. Bxe5 Rg1+ 40. Kc2 Rxa1 0-1

[Event "SVK-chT 2122"]
[Site "Slovakia"]
[Date "2022.06.10"]
[Round "9.6"]
[White "Teglas, Balazs"]
[Black "Borosova, Zuzana"]
[Result "1/2-1/2"]
[WhiteElo "2167"]
[BlackElo "2266"]
[PlyCount "41"]
[EventDate "2021.10.23"]
[EventType "team-tourn"]
[EventRounds "11"]
[EventCountry "SVK"]
[SourceTitle "EXT 2023"]
[Source "ChessBase"]
[SourceDate "2022.10.05"]
[SourceVersion "1"]
[SourceVersionDate "2022.10.05"]
[SourceQuality "1"]
[WhiteTeam "Cebovce"]
[BlackTeam "Podhajska Aquamarin"]
[WhiteTeamCountry "SVK"]
[BlackTeamCountry "SVK"]

1. d4 d5 2. Nc3 Nf6 3. Bg5 Nbd7 4. Nf3 h6 5. Bh4 e6 6. e3 Be7 7. Be2 c5 8. Ne5 Nxe5 9. dxe5 Nd7 10. Bxe7 Qxe7 11. f4 a6 12. a4 b6 13. Bf3 Bb7 14. 0-0 0-0 15. Qe1 Rad8 16. Qg3 f5 17. exf6 Nxf6 18. Rae1 Qd7 19. Rd1 b5 20. axb5 axb5 21. Qg6 1/2-1/2

[Event "SVK-chT 2122"]
[Site "Slovakia"]
[Date "2021.10.24"]
[Round "2.5"]
[White "Jacko, Vladimir1111"]
[Black "Teglas, Balazs"]
[Result "1-0"]
[WhiteElo "2319"]
[BlackElo "2167"]
[PlyCount "67"]
[EventDate "2021.10.23"]
[EventType "team-tourn"]
[EventRounds "11"]
[EventCountry "SVK"]
[SourceTitle "CBM 204 Extra"]
[Source "ChessBase"]
[SourceDate "2021.11.30"]
[SourceVersion "1"]
[SourceVersionDate "2021.11.30"]
[SourceQuality "1"]
[WhiteTeam "Prakovce"]
[BlackTeam "Cebovce"]
[WhiteTeamCountry "SVK"]
[BlackTeamCountry "SVK"]

1. e4 c5 2. Nf3 Nc6 3. d4 cxd4 4. Nxd4 g6 5. c4 Bg7 6. Be3 Nf6 7. Nc3 0-0 8. Be2 d6 9. 0-0 Bd7 10. Qd2 Nxd4 11. Bxd4 Bc6 12. f3 Nd7 13. Be3 a5 14. b3 Nc5 15. Rab1 e6 16. Bd3 Qe7 17. Bc2 Rfd8 18. Rfd1 Be5 19. Bg5 f6 20. Be3 f5 21. Bg5 Bf6 22. Bxf6 Qxf6 23. exf5 gxf5 24. Ne2 e5 25. a3 Ne6 26. Qd3 Rf8 27. b4 axb4 28. axb4 Rad8 29. Rd2 Kh8 30. Rbd1 Rf7 31. Qe3 f4 32. Qf2 Ng7 33. Nc3 Qe6 34. Qh4 1-0

[Event "HUN-chT 1920"]
[Site "Hungary"]
[Date "2020.09.13"]
[Round "9.9"]
[White "Teglas, Balazs"]
[Black "Juhasz, Barbara"]
[Result "1/2-1/2"]
[WhiteElo "2172"]
[BlackElo "2190"]
[PlyCount "120"]
[EventDate "2019.11.16"]
[EventType "team-tourn"]
[EventRounds "9"]
[EventCountry "HUN"]
[SourceTitle "EXT 2021"]
[Source "ChessBase"]
[SourceDate "2020.10.23"]
[SourceVersion "1"]
[SourceVersionDate "2020.10.23"]
[SourceQuality "1"]
[WhiteTeam "Budapest MTK"]
[BlackTeam "Mako Duocor"]
[WhiteTeamCountry "HUN"]
[BlackTeamCountry "HUN"]

1. d4 Nf6 2. Nf3 g6 3. g3 Bg7 4. Bg2 0-0 5. 0-0 d6 6. a4 c6 7. a5 Qc7 8. Nc3 e5 9. e4 Re8 10. h3 Nbd7 11. Re1 Rb8 12. Be3 b5 13. axb6 axb6 14. d5 b5 15. dxc6 Qxc6 16. Nd5 Nxd5 17. exd5 Qc7 18. Qd2 Nc5 19. Bxc5 Qxc5 20. Nd4 Bd7 21. Nc6 Bxc6 22. dxc6 e4 23. Rxe4 Qxc6 24. Rxe8+ Qxe8 25. Ra7 Qe5 26. Bd5 Qxb2 27. Rxf7 Kh8 28. Qe2 Be5 29. h4 Rc8 30. Bb3 Qa1+ 31. Kg2 Qa8+ 32. Qf3 Qxf3+ 33. Kxf3 Bd4 34. Ke4 Bc5 35. h5 Re8+ 36. Kd3 gxh5 37. Rf5 Re5 38. Rf8+ Kg7 39. Rg8+ Kf6 40. f4 Re3+ 41. Kd2 Rf3 42. Bd5 Rf1 43. Rf8+ Kg7 44. Rf7+ Kg6 45. Rb7 h4 46. Be4+ Kf6 47. gxh4 Rxf4 48. Bxh7 Rxh4 49. Bd3 b4 50. Rh7 Rg4 51. Rh6+ Ke5 52. Rh5+ Kd4 53. Rh2 b3 54. cxb3 Bb4+ 55. Kc2 d5 56. Rf2 Rh4 57. Rg2 Ba3 58. Ba6 Rh1 59. Rd2+ Kc5 60. Rxd5+ Kxd5 1/2-1/2

[Event "SVK-chT1E 1920"]
[Site "Slovakia"]
[Date "2019.10.13"]
[Round "2.6"]
[White "Teglas, Balazs"]
[Black "Hanko, Pavol"]
[Result "1-0"]
[WhiteElo "2172"]
[BlackElo "2114"]
[PlyCount "125"]
[EventDate "2019.10.12"]
[EventType "team-tourn"]
[EventRounds "11"]
[EventCountry "SVK"]
[SourceTitle "CBM 193 Extra"]
[Source "ChessBase"]
[SourceDate "2020.01.31"]
[SourceVersion "1"]
[SourceVersionDate "2020.01.31"]
[SourceQuality "1"]
[WhiteTeam "Cebovce"]
[BlackTeam "Dunajov Inbest II"]
[WhiteTeamCountry "SVK"]
[BlackTeamCountry "SVK"]

1. d4 Nf6 2. Nc3 d5 3. Bg5 Nbd7 4. Nf3 g6 5. Qd2 Bg7 6. Bh6 0-0 7. Bxg7 Kxg7 8. h4 h5 9. 0-0-0 c5 10. e3 a6 11. Be2 b5 12. dxc5 Nxc5 13. Qd4 Ne6 14. Qe5 Bb7 15. Ng5 b4 16. Nxe6+ fxe6 17. Ne4 Qb8 18. Qxb8 Rfxb8 19. Ng5 Bc8 20. f4 Rb6 21. Bf3 Bb7 22. Rhg1 a5 23. g4 hxg4 24. Bxg4 Nxg4 25. Rxg4 Rh8 26. Nf3 Bc6 27. Ne5 Be8 28. Rh1 Rh5 29. Rg5 a4 30. Rxh5 gxh5 31. Rg1+ Kf8 32. Kd2 Rb8 33. c3 bxc3+ 34. Kxc3 Rc8+ 35. Kd2 Rb8 36. Kc3 Rc8+ 37. Kd2 Rb8 38. Rb1 Rb4 39. Nd3 Rb8 40. b4 axb3 41. axb3 Kg7 42. Kc3 Kf6 43. Ne5 Rc8+ 44. Kd4 Rb8 45. b4 Rb7 46. Rb2 Rb8 47. Nd3 Bb5 48. Nc5 Rg8 49. Ra2 Rg1 50. Ra8 Rd1+ 51. Kc3 Rc1+ 52. Kd2 Rc4 53. Rf8+ Kg6 54. Nxe6 Rxb4 55. f5+ Kh7 56. Rf7+ Kg8 57. Rg7+ Kh8 58. Rxe7 Rb2+ 59. Kc3 Rf2 60. Nf4 Kg8 61. f6 Bc4 62. Rg7+ Kf8 63. Ne6+ 1-0

[Event "SVK-chT1E 1819"]
[Site "Slovakia"]
[Date "2019.02.24"]
[Round "9.2"]
[White "Teglas, Balazs"]
[Black "Cuker, Dusan"]
[Result "1/2-1/2"]
[WhiteElo "2179"]
[BlackElo "2059"]
[PlyCount "80"]
[EventDate "2018.10.27"]
[EventType "team-tourn"]
[EventRounds "11"]
[EventCountry "SVK"]
[SourceTitle "CBM 189 Extra"]
[Source "ChessBase"]
[SourceDate "2019.06.03"]
[SourceVersion "1"]
[SourceVersionDate "2019.06.03"]
[SourceQuality "1"]
[WhiteTeam "Cebovce"]
[BlackTeam "Sabinov"]
[WhiteTeamCountry "SVK"]
[BlackTeamCountry "SVK"]

1. d4 d5 2. Nc3 Nf6 3. Bg5 Nbd7 4. Nf3 c6 5. Qd3 g6 6. e4 dxe4 7. Nxe4 Bg7 8. 0-0-0 Qa5 9. Kb1 Nxe4 10. Qxe4 Nf6 11. Bxf6 Bxf6 12. Bc4 Qf5 13. Qe3 b5 14. Bd3 Qd5 15. Ne5 Bxe5 16. dxe5 Qe6 17. h4 h5 18. f4 f5 19. Qc5 Kf7 20. c3 a5 21. Bc2 a4 22. Rd4 Kg7 23. Rhd1 Qf7 24. Qxc6 Be6 25. a3 Rhc8 26. Qxb5 Rab8 27. Qxa4 Rxc3 28. Rb4 Ba2+ 29. Kc1 Rxb4 30. Qxb4 Rc4 31. Qb8 Rxc2+ 32. Kxc2 Qc4+ 33. Kd2 Qd4+ 34. Kc2 Qc4+ 35. Kd2 Qd4+ 36. Kc2 Qc4+ 37. Kd2 Qd4+ 38. Kc2 Qc4+ 39. Kd2 Qd5+ 40. Kc2 Qc4+ 1/2-1/2

[Event "HUN-chT2 Maroczy 1819"]
[Site "Hungary"]
[Date "2019.02.10"]
[Round "7.10"]
[White "Teglas, Balazs"]
[Black "Terbe, Zsuzsanna"]
[Result "0-1"]
[WhiteElo "2188"]
[BlackElo "2196"]
[PlyCount "86"]
[EventDate "2018.09.23"]
[EventType "team-tourn"]
[EventRounds "11"]
[EventCountry "HUN"]
[SourceTitle "EXT 2020"]
[Source "ChessBase"]
[SourceDate "2019.10.17"]
[SourceVersion "1"]
[SourceVersionDate "2019.10.17"]
[SourceQuality "1"]
[WhiteTeam "Budapest MTK"]
[BlackTeam "Szigetszentmiklos"]
[WhiteTeamCountry "HUN"]
[BlackTeamCountry "HUN"]

1. d4 d5 2. Nf3 Nf6 3. e3 Bf5 4. c4 c6 5. Nc3 e6 6. Bd3 Bg6 7. 0-0 Nbd7 8. Re1 Ne4 9. Bxe4 dxe4 10. Nd2 f5 11. Ne2 Bf7 12. f3 exf3 13. Nxf3 g5 14. e4 f4 15. Qb3 g4 16. Ne5 Nxe5 17. dxe5 Bc5+ 18. Kh1 Qh4 19. Bxf4 0-0-0 20. Be3 Qe7 21. Rad1 h5 22. Nf4 h4 23. Bxc5 Qxc5 24. Qc3 Rxd1 25. Rxd1 Rd8 26. Rxd8+ Kxd8 27. Ne2 Bg6 28. Qd2+ Kc7 29. Nf4 Bf7 30. Qd6+ Qxd6 31. exd6+ Kxd6 32. Nd3 e5 33. Kg1 Bxc4 34. Nf2 g3 35. hxg3 hxg3 36. Nh1 Bxa2 37. Nxg3 Kc5 38. Kf2 a5 39. Ke3 b5 40. Nf5 a4 41. g4 b4 42. g5 a3 43. bxa3 b3 0-1

[Event "SVK-chT1E 1819"]
[Site "Slovakia"]
[Date "2019.02.02"]
[Round "7.4"]
[White "Teglas, Balazs"]
[Black "Kukucka, Matej"]
[Result "1-0"]
[WhiteElo "2179"]
[BlackElo "2136"]
[PlyCount "43"]
[EventDate "2018.10.27"]
[EventType "team-tourn"]
[EventRounds "11"]
[EventCountry "SVK"]
[SourceTitle "CBM 188 Extra"]
[Source "ChessBase"]
[SourceDate "2019.02.26"]
[SourceVersion "1"]
[SourceVersionDate "2019.02.26"]
[SourceQuality "1"]
[WhiteTeam "Cebovce"]
[BlackTeam "Kysucke Nove Mesto"]
[WhiteTeamCountry "SVK"]
[BlackTeamCountry "SVK"]

1. Nf3 d5 2. g3 Nc6 3. d4 Bg4 4. Nbd2 Qd7 5. h3 Bf5 6. c3 h5 7. Nb3 e6 8. Bf4 f6 9. h4 0-0-0 10. Bg2 Bd6 11. Qd2 Nge7 12. 0-0 Ng6 13. Be3 Bg4 14. Nc1 Rdf8 15. Nd3 e5 16. dxe5 fxe5 17. Nc5 Bxc5 18. Bxc5 Rf6 19. Ng5 e4 20. c4 Re8 21. cxd5 Rxf2 22. Rxf2 1-0

[Event "SVK-chT1E 1819"]
[Site "Slovakia"]
[Date "2019.01.13"]
[Round "6.5"]
[White "Teglas, Balazs"]
[Black "Lisko, Frantisek"]
[Result "1/2-1/2"]
[WhiteElo "2179"]
[BlackElo "2273"]
[PlyCount "23"]
[EventDate "2018.10.27"]
[EventType "team-tourn"]
[EventRounds "11"]
[EventCountry "SVK"]
[SourceTitle "CBM 188 Extra"]
[Source "ChessBase"]
[SourceDate "2019.02.26"]
[SourceVersion "1"]
[SourceVersionDate "2019.02.26"]
[SourceQuality "1"]
[WhiteTeam "Cebovce"]
[BlackTeam "Dunajov Inbest II"]
[WhiteTeamCountry "SVK"]
[BlackTeamCountry "SVK"]

1. d4 Nf6 2. Nc3 d5 3. Bg5 Nbd7 4. Nf3 h6 5. Bh4 g6 6. Qd3 Bg7 7. e4 dxe4 8. Nxe4 0-0 9. Nxf6+ Nxf6 10. 0-0-0 c6 11. Qd2 a5 12. Ne5 1/2-1/2

[Event "SVK-chT1E 1819"]
[Site "Slovakia"]
[Date "2018.11.25"]
[Round "4.4"]
[White "Endresz, Pavol"]
[Black "Teglas, Balazs"]
[Result "1-0"]
[WhiteElo "2101"]
[BlackElo "2173"]
[PlyCount "141"]
[EventDate "2018.10.27"]
[EventType "team-tourn"]
[EventRounds "11"]
[EventCountry "SVK"]
[SourceTitle "CBM 188 Extra"]
[Source "ChessBase"]
[SourceDate "2019.02.26"]
[SourceVersion "1"]
[SourceVersionDate "2019.02.26"]
[SourceQuality "1"]
[WhiteTeam "Kezmarok"]
[BlackTeam "Cebovce"]
[WhiteTeamCountry "SVK"]
[BlackTeamCountry "SVK"]

1. e4 c5 2. Nf3 e6 3. d4 cxd4 4. Nxd4 Nc6 5. Nc3 Qc7 6. g3 a6 7. Bg2 h5 8. h3 Nge7 9. Nde2 b5 10. 0-0 Ng6 11. Nf4 Nxf4 12. Bxf4 Ne5 13. Re1 d6 14. Rc1 Be7 15. Ne2 Bb7 16. b3 0-0 17. Nd4 g6 18. Qd2 Bf6 19. c3 Rfe8 20. Be3 Rac8 21. f4 Nd7 22. c4 bxc4 23. Rxc4 Qb8 24. Rec1 Rxc4 25. Rxc4 Qa8 26. Ne2 d5 27. Rc7 Nb8 28. exd5 Bxd5 29. Bxd5 Qxd5 30. Qxd5 exd5 31. Kf2 Kg7 32. g4 hxg4 33. hxg4 g5 34. Ng3 gxf4 35. Nh5+ Kf8 36. Bxf4 Bd8 37. Bd6+ Kg8 38. Rc5 Nd7 39. Rxd5 Bb6+ 40. Kf3 Re6 41. Bf4 Nf8 42. Rd6 Kh7 43. Nf6+ Kg6 44. Nd5 Bc5 45. Rd8 Kg7 46. b4 Bg1 47. Rd6 Kg6 48. Nc7 Rxd6 49. Bxd6 Nd7 50. Nxa6 f5 51. Nc5 Nb6 52. Nd3 fxg4+ 53. Kxg4 Kf6 54. Bc5 Bxc5 55. bxc5 Nd5 56. Kf3 Nc3 57. Ke3 Ke6 58. Kd4 Nb5+ 59. Kc4 Nc7 60. Nb4 Kd7 61. a4 Kc8 62. Nd5 Ne6 63. Kb5 Kb7 64. c6+ Ka7 65. Ne7 Nc7+ 66. Kc5 Na6+ 67. Kd6 Kb6 68. Nd5+ Ka5 69. Nc3 Kb6 70. Ne4 Ka7 71. Nc5 1-0

[Event "SVK-chT1E 1819"]
[Site "Slovakia"]
[Date "2018.11.24"]
[Round "3.4"]
[White "Teglas, Balazs"]
[Black "Tropp, Frantisek"]
[Result "1-0"]
[WhiteElo "2173"]
[BlackElo "2074"]
[PlyCount "71"]
[EventDate "2018.10.27"]
[EventType "team-tourn"]
[EventRounds "11"]
[EventCountry "SVK"]
[SourceTitle "CBM 188 Extra"]
[Source "ChessBase"]
[SourceDate "2019.02.26"]
[SourceVersion "1"]
[SourceVersionDate "2019.02.26"]
[SourceQuality "1"]
[WhiteTeam "Cebovce"]
[BlackTeam "Liptov Chess School II"]
[WhiteTeamCountry "SVK"]
[BlackTeamCountry "SVK"]

1. Nf3 Nf6 2. g3 d5 3. c4 e6 4. Bg2 Be7 5. 0-0 0-0 6. b3 c6 7. Bb2 Nbd7 8. d3 b5 9. e4 Bb7 10. e5 Ne8 11. cxd5 cxd5 12. Nc3 b4 13. Ne2 Ba6 14. h4 Nc5 15. Nf4 Qb6 16. Re1 Nc7 17. Qd2 Rfe8 18. Nd4 Nb5 19. Nc2 Bb7 20. Nxb4 a5 21. Nc2 Na6 22. a4 Na7 23. Ba3 Nc6 24. Bxe7 Rxe7 25. Nh5 h6 26. Rab1 Nab4 27. Nxb4 Qxb4 28. Qe2 Ba6 29. Rec1 Nd4 30. Qg4 g6 31. Nf6+ Kg7 32. Nh5+ Kh7 33. Nf6+ Kh8 34. Bxd5 h5 35. Qg5 exd5 36. Qh6# 1-0

[Event "HUN-ch rapid"]
[Site "Ajka"]
[Date "2018.07.22"]
[Round "13"]
[White "Szelenyi, Norbert"]
[Black "Teglas, Balazs"]
[Result "1/2-1/2"]
[WhiteElo "2307"]
[BlackElo "2188"]
[PlyCount "56"]
[EventDate "2018.07.20"]
[EventType "swiss (rapid)"]
[EventRounds "13"]
[EventCountry "HUN"]
[SourceTitle "CBM 185 Extra"]
[Source "ChessBase"]
[SourceDate "2018.07.29"]
[SourceVersion "1"]
[SourceVersionDate "2018.07.29"]
[SourceQuality "1"]

1. c4 c5 2. g3 Nc6 3. Bg2 g6 4. Nc3 Bg7 5. Nf3 e5 6. d3 Nge7 7. 0-0 0-0 8. Ne1 a6 9. Nc2 Rb8 10. Rb1 b5 11. Ne3 b4 12. Ncd5 d6 13. Qa4 Nd4 14. Nxe7+ Qxe7 15. Qd1 Bd7 16. Nd5 Qd8 17. e3 Nc6 18. Bd2 Ne7 19. Qc2 Nxd5 20. Bxd5 Kh8 21. b3 a5 22. a4 f5 23. f4 exf4 24. gxf4 Qe7 25. Qd1 Bc3 26. Qe1 Bxd2 27. Qxd2 Rbe8 28. Qb2+ Qg7 1/2-1/2

[Event "HUN-ch rapid"]
[Site "Ajka"]
[Date "2018.07.22"]
[Round "11"]
[White "Teglas, Balazs"]
[Black "Hajnal, Zoltan"]
[Result "1-0"]
[WhiteElo "2188"]
[BlackElo "2400"]
[PlyCount "169"]
[EventDate "2018.07.20"]
[EventType "swiss (rapid)"]
[EventRounds "13"]
[EventCountry "HUN"]
[SourceTitle "EXT 2019"]
[Source "ChessBase"]
[SourceDate "2018.10.10"]
[SourceVersion "1"]
[SourceVersionDate "2018.10.10"]
[SourceQuality "1"]

1. e4 e5 2. Nc3 Nc6 3. Bc4 Nf6 4. d3 Na5 5. Bb3 Bb4 6. Nge2 Nxb3 7. axb3 d5 8. exd5 Nxd5 9. 0-0 0-0 10. Bd2 Be7 11. Nxd5 Qxd5 12. Nc3 Qc6 13. Qe2 f6 14. Qe4 Qxe4 15. dxe4 c6 16. Be3 a6 17. Rfd1 Be6 18. Bb6 Rac8 19. Rd2 Kf7 20. Be3 g6 21. Rad1 f5 22. f3 f4 23. Bb6 g5 24. Kf2 h5 25. Na4 c5 26. c4 g4 27. Ba5 gxf3 28. gxf3 Rg8 29. Bc3 b5 30. Nb6 Rb8 31. Nd5 Bh4+ 32. Ke2 Rg5 33. cxb5 axb5 34. b4 c4 35. Ra1 Rg2+ 36. Kf1 Rxd2 37. Bxd2 Bxd5 38. exd5 Rd8 39. Ra6 Rxd5 40. Ke2 Bf6 41. Bc3 Kg6 42. Rb6 Kf5 43. Rc6 Bg5 44. Rc8 Be7 45. Rc7 Bf6 46. Rc8 Be7 47. Rc7 Bd6 48. Rh7 Kg6 49. Rb7 Kg5 50. Rg7+ Kf6 51. Rh7 Kg6 52. Rb7 Bf8 53. Rb8 Bh6 54. Re8 Bg7 55. Rb8 Kf5 56. Rb7 Bf6 57. Rb6 h4 58. h3 Bd8 59. Rb7 Bf6 60. Rb6 Rd7 61. Rxb5 Rg7 62. Rc5 Rg2+ 63. Ke1 Rg3 64. b5 Rg7 65. Rxc4 Rb7 66. Rc5 Ke6 67. Rc6+ Kf5 68. Rc5 Ke6 69. Ke2 Bg7 70. Kd3 Rd7+ 71. Ke4 Rd1 72. Rc6+ Kd7 73. Ra6 Bf8 74. Bxe5 Re1+ 75. Kxf4 Bc5 76. Rc6 Be3+ 77. Kf5 Bf2 78. Rc7+ Kd8 79. b6 Bxb6 80. Rb7 Bf2 81. Ke6 Rc1 82. Rb8+ Rc8 83. b4 Rxb8 84. Bxb8 Kc8 85. Be5 1-0

[Event "HUN-ch rapid"]
[Site "Ajka"]
[Date "2018.07.22"]
[Round "12"]
[White "Teglas, Balazs"]
[Black "Nemeth, Miklos"]
[Result "1/2-1/2"]
[WhiteElo "2188"]
[BlackElo "2470"]
[PlyCount "51"]
[EventDate "2018.07.20"]
[EventType "swiss (rapid)"]
[EventRounds "13"]
[EventCountry "HUN"]
[SourceTitle "EXT 2019"]
[Source "ChessBase"]
[SourceDate "2018.10.10"]
[SourceVersion "1"]
[SourceVersionDate "2018.10.10"]
[SourceQuality "1"]

1. d4 Nf6 2. Nc3 d5 3. Bg5 Nbd7 4. Nf3 c6 5. Qd3 Qa5 6. Bd2 Qc7 7. e4 dxe4 8. Nxe4 e6 9. 0-0-0 Be7 10. h4 c5 11. dxc5 Nxc5 12. Nxc5 Qxc5 13. Be3 Qc7 14. Qc4 Qxc4 15. Bxc4 0-0 16. Ne5 Ne4 17. Bb3 b6 18. Rhe1 Nc5 19. Bxc5 Bxc5 20. Re2 Be7 21. g3 Rd8 22. Red2 Rxd2 23. Rxd2 Kf8 24. Nd7+ Bxd7 25. Rxd7 Rd8 26. Rxd8+ 1/2-1/2

[Event "HUN-ch rapid"]
[Site "Ajka"]
[Date "2018.07.20"]
[Round "2"]
[White "Teglas, Balazs"]
[Black "Medvegy, Zoltan"]
[Result "0-1"]
[WhiteElo "2188"]
[BlackElo "2543"]
[PlyCount "90"]
[EventDate "2018.07.20"]
[EventType "swiss (rapid)"]
[EventRounds "13"]
[EventCountry "HUN"]
[SourceTitle "CBM 185 Extra"]
[Source "ChessBase"]
[SourceDate "2018.07.29"]
[SourceVersion "1"]
[SourceVersionDate "2018.07.29"]
[SourceQuality "1"]

1. e4 c5 2. Nf3 Nf6 3. e5 Nd5 4. Nc3 Nxc3 5. dxc3 Nc6 6. Bd3 Qc7 7. Qe2 h6 8. 0-0 e6 9. Bf4 b6 10. Rad1 Bb7 11. Nd2 d5 12. exd6 Bxd6 13. Bxd6 Qxd6 14. Nc4 Qc7 15. Be4 Rd8 16. Rxd8+ Nxd8 17. Rd1 0-0 18. Ne5 Bxe4 19. Qxe4 Nb7 20. f4 Rd8 21. Rd3 Rxd3 22. cxd3 Nd6 23. Qc6 Qxc6 24. Nxc6 Nc8 25. Kf2 Kf8 26. Ke3 Ke8 27. g3 f6 28. b4 cxb4 29. cxb4 Kd7 30. Nd4 Ne7 31. a3 a6 32. Ne2 Kc6 33. Kd4 Nf5+ 34. Kc3 Kd5 35. Kd2 Nd4 36. Nc3+ Kc6 37. h3 Nb5 38. Nxb5 axb5 39. g4 Kd5 40. Ke3 g5 41. fxg5 hxg5 42. Ke2 Kd4 43. Kd2 f5 44. gxf5 exf5 45. Ke2 f4 0-1

[Event "SVK-chT1E 1718"]
[Site "Slovakia"]
[Date "2017.12.03"]
[Round "6.3"]
[White "Brhel, Jan"]
[Black "Teglas, Balazs"]
[Result "1/2-1/2"]
[WhiteElo "2094"]
[BlackElo "2206"]
[PlyCount "87"]
[EventDate "2017.10.21"]
[EventType "team-tourn"]
[EventRounds "11"]
[EventCountry "SVK"]
[SourceTitle "EXT 2019"]
[Source "ChessBase"]
[SourceDate "2018.10.10"]
[SourceVersion "1"]
[SourceVersionDate "2018.10.10"]
[SourceQuality "1"]
[WhiteTeam "Kysucke Nove Mesto"]
[BlackTeam "Cebovce"]
[WhiteTeamCountry "SVK"]
[BlackTeamCountry "SVK"]

1. d4 Nf6 2. c4 e6 3. Nc3 c5 4. d5 exd5 5. cxd5 d6 6. Nf3 g6 7. Nd2 Bg7 8. e4 0-0 9. Be2 Na6 10. 0-0 Nc7 11. a4 b6 12. Qc2 Re8 13. Nc4 Ba6 14. h3 Bxc4 15. Bxc4 a6 16. Bf4 Qd7 17. Qd3 Rab8 18. Rae1 b5 19. axb5 axb5 20. Ba2 c4 21. Qf3 b4 22. Nd1 b3 23. Bb1 Nb5 24. Ne3 Rbc8 25. Rc1 c3 26. bxc3 Nxc3 27. Ng4 Nxg4 28. hxg4 b2 29. Rce1 Nxb1 30. Rxb1 Rc4 31. Rfe1 Qa4 32. Bxd6 Rcxe4 33. Rxe4 Qxe4 34. Qxe4 Rxe4 35. Kh2 h6 36. Bg3 Rc4 37. d6 Kf8 38. Re1 Rc1 39. d7 Bf6 40. Bd6+ Kg7 41. Be5 Bxe5+ 42. Rxe5 Rd1 43. Rb5 Rxd7 44. Rxb2 1/2-1/2

[Event "SVK-chT1E 1718"]
[Site "Slovakia"]
[Date "2017.12.02"]
[Round "5.3"]
[White "Balazs, Ladislav"]
[Black "Teglas, Balazs"]
[Result "1-0"]
[WhiteElo "2079"]
[BlackElo "2206"]
[PlyCount "117"]
[EventDate "2017.10.21"]
[EventType "team-tourn"]
[EventRounds "11"]
[EventCountry "SVK"]
[SourceTitle "EXT 2019"]
[Source "ChessBase"]
[SourceDate "2018.10.10"]
[SourceVersion "1"]
[SourceVersionDate "2018.10.10"]
[SourceQuality "1"]
[WhiteTeam "Jelsava Magnezit"]
[BlackTeam "Cebovce"]
[WhiteTeamCountry "SVK"]
[BlackTeamCountry "SVK"]

1. e4 c5 2. Nf3 Nc6 3. d4 cxd4 4. Nxd4 e5 5. Nb5 d6 6. a4 Be7 7. N1c3 a6 8. Na3 Nf6 9. Bg5 0-0 10. Bxf6 Bxf6 11. Bc4 Bg5 12. 0-0 Kh8 13. Nd5 f5 14. exf5 Bxf5 15. c3 Rc8 16. Qe2 Qe8 17. f3 Qg6 18. Rad1 Qh6 19. Rfe1 Rce8 20. Bd3 Bc8 21. Be4 Bh4 22. g3 Bd8 23. Nc4 Bh3 24. Nde3 Bc7 25. Ng4 Bxg4 26. fxg4 Na5 27. Ne3 Bb6 28. Kg2 Bxe3 29. Qxe3 Qxe3 30. Rxe3 Nc4 31. Re2 Re7 32. Bd5 Nb6 33. Bb3 Nc8 34. Rdd2 g6 35. Rf2 Kg7 36. Rxf8 Kxf8 37. Kf3 Ke8 38. a5 Kd7 39. Bd5 Kc7 40. b4 Na7 41. Ke4 Nc6 42. g5 b6 43. axb6+ Kxb6 44. Rf2 a5 45. bxa5+ Nxa5 46. h4 Rc7 47. Rb2+ Kc5 48. c4 Nxc4 49. Bxc4 Ra7 50. Bg8 Ra4+ 51. Ke3 d5 52. Rc2+ Kd6 53. Bxh7 d4+ 54. Kf2 d3 55. Rd2 e4 56. Bxg6 Ke5 57. Ke3 Ra1 58. Bxe4 Re1+ 59. Kxd3 1-0

[Event "HUN-chT 1718"]
[Site "Hungary"]
[Date "2017.11.25"]
[Round "1.8"]
[White "Teglas, Balazs"]
[Black "Hajnal, Zoltan"]
[Result "0-1"]
[WhiteElo "2208"]
[BlackElo "2370"]
[PlyCount "50"]
[EventDate "2017.11.25"]
[EventType "team-tourn"]
[EventRounds "9"]
[EventCountry "HUN"]
[SourceTitle "CBM 181 Extra"]
[Source "ChessBase"]
[SourceDate "2017.12.12"]
[SourceVersion "1"]
[SourceVersionDate "2017.12.12"]
[SourceQuality "1"]
[WhiteTeam "Budapest MTK"]
[BlackTeam "Mako Duocor"]
[WhiteTeamCountry "HUN"]
[BlackTeamCountry "HUN"]

1. d4 d5 2. Nc3 Nf6 3. Bg5 Nbd7 4. Nf3 g6 5. e3 Bg7 6. Bd3 0-0 7. 0-0 b6 8. e4 dxe4 9. Nxe4 Bb7 10. Nxf6+ Nxf6 11. c3 Qd6 12. Re1 c5 13. Be3 Ng4 14. dxc5 bxc5 15. Bf1 Bd4 16. Bb5 Bxf3 17. Qxf3 Qxh2+ 18. Kf1 Qh5 19. Qg3 Bxe3 20. fxe3 Rab8 21. a4 a6 22. Bxa6 Qh1+ 23. Ke2 Rxb2+ 24. Kf3 Qh5 25. Re2 Nf6+ 0-1